01228nam a22003617a 4500003000500000005001700005008004100022010000900063011000900072035000900081040000900090082001200099100003000111245004100141260003300182300001900215490003800234500001100272590004100283590004100324590004100365590004100406590004200447650002100489650002000510650003800530830004500568901000700613942001000620949007900630999001500709952014200724CHAP20220329133218.0971013s1987 r 00010 d a3445 a4417 a3620 cCHAP a627bF700aFrench, Richard H.943174 aHydraulic processes on alluvial fans aAmsterdam :bElsevier,c1987 a244 p.b: ilus aDevelopments in water science, 31 aD50-13 aBATCH-UPDb10c20130110lUCH01h0005 aBATCH-UPDb10c20130110lUCH01h1536 aBATCH-UPDb10c20130410lUCH01h0940 aBATCH-UPDb10c20130914lUCH01h0252 aCONVERSIONb10c20130109lUCH01h130314aAluvión.9473614aCanales.91825514aIngeniería hidráulica.9582350 aDevelopments in water science, 31932302 aBK cLIBRO a627 F7bBCcLIBROd33724000019998eLIBROgI.156451h79345i3620sit454.20 c3445d3445 00102ddc4052708GRALaBCbBCcPP_GRALd2019-12-31eI.156451fLIBROl0o627 F7p33724000019998r2019-12-31 00:00:00w2019-12-31yLIBRO